Los proyectos en el aula: hacia un aprendizaje significativo en la EGB
Salvato in:
| Autori principali: | , |
|---|---|
| Natura: | Libro |
| Lingua: | spagnolo |
| Pubblicazione: |
Buenos Aires
Magisterio del Río de la Plata
1996
|
| Serie: | Respuestas Educativas Serie Aula EGB
|
| Soggetti: | |
| Tags: |
Aggiungi Tag
Nessun Tag, puoi essere il primo ad aggiungerne!!
|
MARC
| LEADER | 00000nam a2200000 a 4500 | ||
|---|---|---|---|
| 001 | UCK9355 | ||
| 003 | CL-VaPUC | ||
| 008 | 060428e19960000AG |||||||||||||||||spa|d | ||
| 020 | |a 9505505766 | ||
| 082 | 0 | 4 | |a 371.36 |b STA |2 21 |
| 100 | 0 | |a Starico de Accomo, Mabel Nelly |e author |9 499101 | |
| 700 | 0 | |a Castro de Amato, Laura |e author |9 499102 | |
| 245 | 1 | 4 | |a Los proyectos en el aula: hacia un aprendizaje significativo en la EGB |
| 300 | |a 138 p | ||
| 942 | |c BK | ||
| 945 | |d 20060428 00:00:00 |a cmena | ||
| 260 | |a Buenos Aires |b Magisterio del Río de la Plata |c 1996 | ||
| 650 | 0 | |a Métodos de enseñanza |9 270413 | |
| 650 | 0 | |a Aprendizaje |9 254827 | |
| 650 | 7 | |a TRABAJO EN GRUPO |2 CL-VaPUC |9 499103 | |
| 650 | 0 | |a Innovaciones pedagógicas |9 307471 | |
| 583 | |a last modification |c 20060428 00:00:00 |k Rodrigo Vera | ||
| 490 | 0 | |a Respuestas Educativas Serie Aula EGB | |
| 999 | |c 316569 |d 316567 | ||
| 952 | |0 0 |1 0 |4 0 |6 371_360000000000000_STA_1996 |7 0 |8 A |9 391029 |a BIBEDU |b BIBEDU |d 2019-11-22 |i 422518K |o 371.36 STA 1996 |p 422518K |r 2019-11-22 |w 2019-11-22 |y BK |k EDU | ||